000 00678nam a22001697a 4500
003 OSt
005 20241125121111.0
008 241125b |||||||| |||| 00| 0 eng d
020 _a9780406851689
040 _cCentral University Library
245 _aThe All England Law Reports 1989 Vol. 2
260 _aLondon, UK
_b Butterworths & Co. (Publishing) Ltd
_c1989
300 _axviii, 1120 pages
_c23.5 cm
500 _aEditor ; Hutchesson Peter LLM. Barrister, New Zealand. Assistant Editor ; Watson Brook of Lincoln Inn, Barrister and of the New South Wales Bar. Consulting Editor : Shockett Wendy of Gray's Inn, Barrister.
650 _2Law Reports
_xUK
942 _2lcc
_cBK
_n0
999 _c1510
_d1510